Grito de Sombrerete contra los españoles, ó, Representacion hecha al Congreso Constituyente de este Estado en 10 de febrero de 1824, por los ciudadanos que la suscriben

Detalles Bibliográficos
Formato: Libro
Lenguaje:Spanish
Publicado: reimpreso en Jalapa : en la imprenta de J. B. Priani, à cargo de Florencio Aburto, 1824.
Materias:
Colección:Banco de datos
Acervo:Biblioteca Palafoxiana. Colección de Pliegos Sueltos
Descripción Física:12 p. ; 4°
Tema general:Política
LEADER 00666nam a22001690004500
035 |a 1893 
041 0 |a spa 
082 0 4 |a FR/PAFX/IMPS/C074/02204 
245 1 0 |a Grito de Sombrerete contra los españoles, ó, Representacion hecha al Congreso Constituyente de este Estado en 10 de febrero de 1824, por los ciudadanos que la suscriben  
260 |a reimpreso en Jalapa : en la imprenta de J. B. Priani, à cargo de Florencio Aburto, 1824. 
300 |a 12 p. ; 4° 
610 1 4 |a México - Historia - Federalismo, 1824-1835 
650 1 0 |a Política 
949 |a I02204 
942 |c PALAPLIE 
943 |g Biblioteca Palafoxiana. Colección de Pliegos Sueltos 
999 |c 1075183  |d 1075183